000 00279nam a2200121Ia 4500
008 190216s9999||||xx |||||||||||||| ||und||
100 _aGogosha Gupthan
245 0 _aHindi-Kshandra Thayyar He
260 _bLokapriya Prakashan
300 _a100
650 _aHindi
942 _cBK
999 _c16270
_d16270